Seminario de Derecho Romano. XXVI Aniversario.

Saved in:
Bibliographic Details
Main Author: Gayosso y Navarrete, Mercedes (autora)
Format: Book
Language:Spanish
Published: Xalapa, Veracruz, México: Universidad Veracruzana, 2000.
Edition:Primera edición.
Subjects:
Tags: Add Tag
No Tags, Be the first to tag this record!

MARC

LEADER 00000nam a2200000 a 4500
001 UCO5185
003 CL-VaPUC
005 20220913155319.0
008 000825e20000000mx 1 spa d
999 |c 383583  |d 383581 
020 |a 968-834-521-0 
040 |c Pontificia Universidad Católica de Valparaíso 
082 0 4 |a 340.54 GAY 2000  |2 21 
100 |a Gayosso y Navarrete, Mercedes  |e autora  |9 619783 
245 1 0 |a Seminario de Derecho Romano.  |b XXVI Aniversario.  
250 |a Primera edición. 
260 0 3 |a Xalapa, Veracruz, México:   |b Universidad Veracruzana,  |c 2000. 
300 |a 161 páginas. 
500 |a c.2 Donación Familia Prof. Alejandro Guzmán Brito. 
518 |p Congreso Latinoamericano de Derecho Romano, 12, Morón 
546 |a En Español 
583 |a last modification  |c 20120418 11:08:45  |k Rodrigo Vera 
650 0 0 |a Abogados  |9 256284 
650 0 0 |a Formación profesional   |9 257232 
650 0 0 |a Bienes públicos  |9 390900 
650 0 7 |a Contratos bancarios  |2 CL-VaPUC  |9 339465 
650 0 0 |a Derecho positivo  |9 255911 
650 0 0 |a Derecho romano  |9 255930 
942 |c BK  |2 ddc  |n 0 
945 |a vberengu  |d 20000825 00:00:00 
952 |0 0  |1 0  |2 ddc  |4 0  |6 340_540000000000000_GAY_2000  |7 0  |8 DER_ROM  |9 505746  |a BIBDER  |b BIBDER  |d 2020-01-23  |i 3646130  |o 340.54 GAY 2000  |p 3646130  |r 2023-01-25  |t 1  |w 2020-01-23  |x Ubicación 4to piso  |y BK  |z Este recurso debe solicitarse con anticipación  |k DER